Music Quiz

Random Music or Lyrics Quiz

Eyes of a Stranger by Queensryche lyrics Quiz Stats

 Plays Quiz not verified by Sporcle

Challenge
Share
Tweet
Embed
Score 0/253 Timer 20:00
0 Plays Today
% Correct
a
100%
a
100%
a
100%
a
100%
a
100%
a
100%
I
98.8%
I
98.8%
I
98.8%
I
98.8%
I
98.8%
I
98.8%
I
98.8%
I
98.8%
I
98.8%
I
98.8%
I
98.8%
the
98%
of
98%
of
98%
the
98%
the
98%
of
98%
stranger.
98%
the
98%
the
98%
of
98%
stranger,
98%
the
98%
of
98%
the
98%
of
98%
stranger.
98%
the
98%
the
98%
of
98%
stranger,
98%
the
98%
the
98%
the
98%
of
98%
stranger.
98%
the
98%
the
98%
of
98%
stranger,
98%
the
98%
eyes
97.6%
eyes
97.6%
eyes
97.6%
eyes
97.6%
eyes
97.6%
eyes
97.6%
what
95.1%
and
95.1%
what
95.1%
and
95.1%
And
95.1%
and
95.1%
what
95.1%
And
95.1%
and
95.1%
what
95.1%
and
95.1%
And
95.1%
and
95.1%
what
95.1%
into
94.3%
into
94.3%
into
94.3%
me
93.9%
me
93.9%
me.
93.9%
me.
93.9%
me.
93.9%
me?
93.9%
me.
93.9%
me?
93.9%
we
93.5%
we
93.5%
be
93.5%
for
93.1%
for
93.1%
for
93.1%
stare
92.7%
% Correct
lies.
92.7%
lies
92.7%
stare.
92.7%
stare
92.7%
lies.
92.7%
lies
92.7%
stare.
92.7%
(Lies
92.7%
stare.)
92.7%
lies
92.7%
stare
92.7%
lies.
92.7%
lies
92.7%
stare.
92.7%
All
92.2%
lie
92.2%
my
92.2%
all
92.2%
my
92.2%
my
92.2%
my
92.2%
All
92.2%
my
92.2%
that
91.8%
that
91.8%
No
91.8%
that
91.8%
that
91.8%
to
91.4%
behind
91.4%
to
91.4%
to
91.4%
to
91.4%
behind
91.4%
to
91.4%
to
91.4%
behind
91.4%
behind
91.4%
to
91.4%
behind
91.4%
you.
91%
never
91%
know
91%
know
91%
never
91%
know
91%
never
91%
know
91%
head
89.8%
head
89.8%
head
89.8%
had
89.4%
always
89.4%
always
89.4%
always
89.4%
always
89.4%
always
89.4%
always
89.4%
always
89.4%
now,
89%
mirror
89%
mirror
89%
mirror
89%
now.
89%
at
88.6%
at
88.6%
alone
88.2%
see
88.2%
see
88.2%
raise
88.2%
away
88.2%
from
88.2%
raise
88.2%
away
88.2%
from
88.2%
raise
88.2%
away
88.2%
from
88.2%
memories
87.8%
looking
87.8%
Looking
87.8%
memories?
87.8%
except
87.3%
back
87.3%
back
87.3%
% Correct
time
86.9%
Your
86.9%
your
86.9%
your
86.9%
Every
86.5%
Every
86.5%
knew.
86.1%
Is
86.1%
is
86.1%
face
85.7%
it
85.3%
this
84.9%
this
84.9%
afraid
84.5%
afraid
84.5%
afraid
84.5%
as
84.5%
afraid
84.5%
I've
84.1%
People
84.1%
turn
84.1%
I've
84.1%
People
84.1%
turn
84.1%
People
84.1%
turn
84.1%
I've
84.1%
reminds
83.7%
try
83.3%
leave
83.3%
they
83.3%
night
82.9%
known
82.9%
known
82.9%
something
82.4%
haunt
82.4%
something
82.4%
awake
81.6%
dreams
81.2%
left
80.8%
left
80.8%
return
80.4%
throat.
80.4%
around
80%
rosary
79.2%
wrapped
79.2%
fall
79.2%
that's
79.2%
life
78.8%
Straight-
78.8%
asleep.
78.4%
jacket
77.6%
How
77.1%
How
77.1%
how
77.1%
before
76.7%
will
75.5%
am
75.1%
Why
74.7%
want
74.3%
long?
74.3%
got
73.9%
promised,
73.1%
more
73.1%
tell
73.1%
like
72.7%
there's
71.8%
here,
71.8%
Sedative
71%
times
71%
live
71%
many
70.6%
many
70.6%
same
70.6%
happy
70.2%
ending
70.2%
everyone.
70.2%
tragedy?
69%
remember
69%
highs?
66.9%
must
66.9%
they've
66.1%
sweat,
63.7%

You're not logged in!

Compare scores with friends on all Sporcle quizzes.
OR
Log In

You Might Also Like...

Show Comments

Extras

Top Quizzes Today


Score Distribution

Your Account Isn't Verified!

In order to create a playlist on Sporcle, you need to verify the email address you used during registration. Go to your Sporcle Settings to finish the process.

Report this User

Report this user for behavior that violates our Community Guidelines.

Details: